Can you name every Best Picture Oscar since 2000? - Statistiques

Statistiques générales
  • Ce quiz a été pris 7 fois
  • Le résultat moyen est 10 sur 26
Statistiques - réponses
an Par images % Correct
2012 The Artist
80%
2001 Gladiator
60%
2024 Oppenheimer
60%
2020 Parasite
60%
2014 12 Years a Slave
40%
2025 Anora
40%
2013 Argo
40%
2015 Birdman
40%
2022 CODA
40%
2023 Everything Everywhere All at Once
40%
2019 Green Book
40%
2005 Million Dollar Baby
40%
2017 Moonlight
40%
2008 No Country for Old men
40%
2021 Nomadland
40%
2016 Spotlight
40%
2007 The Departed
40%
2010 The Hurt Locker
40%
2011 The King's Speech
40%
2004 The Lord of the Rings: The Return of the King
40%
2018 The Shape of Water
40%
2003 Chicago
20%
2009 Slumdog Millionaire
20%
2002 A Beautiful Mind
0%
2000 American Beauty
0%
2006 Crash
0%
Aucun quiz correspondant
Distribution des résultats
% des personnes avec chaque résultat
Percentile par nombre de réponses
Votre historique - résultats
Vous n’avez pas pris ce quiz